000
00184nam a2200085Ia 4500
008
120527s9999 xx 000 0 und d
100
_a
ALLIOTT, C.
245
_a
A Manual man
942
_c
BK
999
_c
25691
_d
25691